Fenómenos atmosféricos (Registo nº 4313)
[ vista simples ]
| 000 -Etiqueta do registo | |
|---|---|
| Cabeçalho | 00599nam a2200229 4500 |
| 005 - Identificador da versão | |
| Campo de controlo | 20240813122058.0 |
| 010 ## - Número internacional normalizado dos livros (ISBN) | |
| Número (ISBN) | 9727071449 |
| 100 ## - Dados gerais de processamento | |
| Dados gerais de processamento | 20010719d2001 k y0pory5003 ba |
| 102 ## - Pais de publicação ou produção | |
| País de publicação | Portugal |
| 101 1# - Língua de publicação | |
| Língua do texto, banda sonora, etc. | Português |
| Língua do documento no original | Inglês |
| 215 ## - Descrição física | |
| Indicação específica da natureza do documento e extensão da espécie | 128 p. |
| Outras indicações físicas | il |
| 200 1# - Titulo e menção de responsabilidade | |
| Título próprio | Fenómenos atmosféricos |
| Primeira menção de responsabilidade | Eleanor Lawrence |
| Outras menções de responsabilidade | Borin van Loon |
| 225 1# - Colecção | |
| Título próprio da colecção | Pequenos guias da natureza |
| 210 ## - Publicação, Distribuição, etc. | |
| Lugar da edição, distribuição, etc. | Lisboa |
| Nome do editor, distribuidor, etc. | Plátano |
| Data da publicação, distribuição, etc. | 1996 |
| 675 ## - Classificação Decimal Universal (CDU) | |
| Notação | 50 |
| Edição | BN |
| Língua da edição | por |
| 701 #1 - Nome de autor-pessoa física (co-responsabilidade principal) | |
| Palavra de ordem | Loon |
| Outra parte do nome não tomada para palavra de ordem | Borin van |
| Código de função | Autor / Co-autor |
| 700 #1 - Nome de autor-pessoa física (responsabilidade principal) | |
| Número de registo de entrada de autoridade | 0001038 |
| Palavra de ordem | Lawrence |
| Outra parte do nome não tomada para palavra de ordem | Eleanor |
| 942 ## - Elementos de entrada adicionados (Koha) | |
| Tipo de item no Koha | Livro |
| Situação do levantamento | Origin of item (home branch) (coded) | Biblioteca de empréstimo | Código de barras | Cota | Circulation type (not for loan) | Tipo de documento | Nota do exemplar | Damaged status |
|---|---|---|---|---|---|---|---|---|
| Biblioteca Escolar das Vendas | Biblioteca Escolar das Vendas | BEV1244 | 5 LAW | Livro | Sem mensagem |
